000 01074cam a22003251a 4500
001 agr49000555
003 DLC
005 20260227111012.0
008 850710s1949 dcua b f000 0 eng c
010 _aagr49000555
035 _a(OCoLC)12250233
040 _aU.S. Dept. of Agr. Libr.
_cDSI
_dDNAL
_dDLC
042 _apremarc
050 0 0 _aTS2301.F4
_bH3
070 0 _a1
_bAg84C no.803
072 0 _aP000
_aL100
082 _a636.514
100 1 _aHardy, J. I.
245 1 0 _aFeathers from domestic and wild fowl /
_cby John I. Hardy and Thora M. Plitt Hardy.
260 _aWashington, D.C. :
_bU.S. Dept. of Agriculture,
_c1949.
300 _a28 p. :
_bill. ;
_c23 cm.
490 1 _aCircular / United States Department of Agriculture ;
_vno. 803
500 _aCaption title.
500 _aContribution from Bureau of Animal Industry.
504 _aBibliography: p. 27-28.
650 0 _aFeathers.
650 0 _aFeather industry.
700 1 _aHardy, Thora Marggraff Plitt,
_d1902-
830 0 _aCircular (United States. Department of Agriculture) ;
_vno. 803.
999 _c11064
_d11064